Lataa...
Beautiful climbers of India
| Päätekijä: | |
|---|---|
| Aineistotyyppi: | Printed Book |
| Kieli: | English |
| Julkaistu: |
Bombay
Times of India press
1960
|
| LEADER | 00466nam a22001457a 4500 | ||
|---|---|---|---|
| 008 | 190427b ||||| |||| 00| 0 eng d | ||
| 999 | |c 296602 |d 296602 | ||
| 020 | |a | ||
| 082 | |a 582.180954 | ||
| 100 | |a Pal ICAR | ||
| 245 | |a Beautiful climbers of India | ||
| 260 | |a Bombay |b Times of India press |c 1960 | ||
| 300 | |a 105p. | ||
| 942 | |2 ddc |c BK | ||
| 952 | |0 0 |1 0 |2 ddc |4 0 |6 582_180954000000000_PAL_B |7 0 |9 337133 |a BOT |b BOT |c ST1 |d 2012-02-01 |i 113 |l 0 |o 582.180954 PAL/B |p BOT113 |r 2013-07-02 |y BK | ||